000 00349nam a22001577a 4500
005 20160625112651.0
008 160625b xxu||||| |||| 00| 0 eng d
020 _a978-81-905735-3-5
041 _aeng
082 _b10035
245 _aIndia 2009
260 _bBusiness Standard
_c2009
300 _a242
650 _aManagement
_9241
942 _cBK
999 _c3967
_d3966